| 000 | 00530nam a22001577a 4500 | ||
|---|---|---|---|
| 999 |
_c533494 _d533494 |
||
| 020 | _qHard Cover. | ||
| 082 | _a624.1 | ||
| 100 | _aIftikhar, Hasnain | ||
| 245 |
_aSeismic casualty assessment of Khyber Pakhtunkhawa province, Pakistan / _cHasnain Iftikhar. |
||
| 260 |
_aIslamabad : _bNICE - NUST, _c2014. |
||
| 300 |
_axv, 95 p. : ill. ; _c30cm. |
||
| 942 |
_2ddc _cTHE |
||
| 650 |
_aPh. D Thesis Structural Engineering. _927426 |
||
| 700 |
_aDr. Shaukat Ali Khan. _927330 |
||